01457cam a22003857a 4500003000500000005001700005008004100022010001100063011001100074020001800085035001100103040000900114082002100123110000800144245015300152260002300305300003900328490004900367590004100416590004100457590004100498590004200539650001900581650003500600650002100635650003300656650003200689700002800721830005600749901000700805942001000812949008100822999001900903952014900922CHAP20220817044413.0101201s2007 it a rn 00010 eng d a100017 a100989 a9789251057810 a111675 cCHAP04a634.98bF3y v.182 aFAO10aWorld bamboo resources :ba thematic study prepared in the framework of the Global Forest Resources Assessment 2005c/by Maxim Lobovikov ...[et al.] aRome :bFAO,c2007 axii, 73 p. :bilus., mapas, tablas 0aFAO. Productos forestales no madererosv; 18 aBATCH-UPDb10c20130110lUCH01h0922 aBATCH-UPDb10c20130410lUCH01h0544 aBATCH-UPDb10c20130914lUCH01h0529 aCONVERSIONb10c20130109lUCH01h135514aBambú.9978814aComercio internacional.92564114aEspecies.93779014aProductos forestales.99205914aRecursos forestales.9950251 aLobovikov, Maxim967395 0aFAO. Productos forestales no madererosv; 18939663 aBK cLIBRO a634.98 F3y v.18bBCcFAOd33724002072751eFAO1gDonaciØnh113864i111675sb c100017d100017 00104053708FAOaBCbBCcPP_FAOd2019-12-31eDonacionfLIBROi127l0o634.98 F3y v.18p33724002072751r2019-12-31 00:00:00w2019-12-31yLIBRO